| 000 | 00864nam a22002537a 4500 | ||
|---|---|---|---|
| 999 |
_c16435 _d16435 |
||
| 003 | dpl | ||
| 005 | 20181204161155.0 | ||
| 008 | 181204b ||||| |||| 00| 0 eng d | ||
| 010 | _aB-224357 | ||
| 035 | _aB-224357 | ||
| 040 |
_aBPPD/PUB _c0 |
||
| 082 |
_aS _2MIL |
||
| 100 | _aA.A.MILNE | ||
| 245 |
_aA World of Winnie the Pooh : _cA.A.MILNE,E.H.SHEPARD |
||
| 246 | _a. | ||
| 260 | _bWalt Disney Home Entertainment | ||
| 300 |
_a220p _c24 CM |
||
| 538 | _aDolby Digital 5.1 -English,Mandarin Subtitles: English, Bahasa, Mandarin | ||
| 538 | _aAspect Ratio: 1.33:1, Presentation type:Full Frame, Presentation Size 4x3, Format DVD 9 Dual Layer Single Sided Disc. | ||
| 650 | _aAnimated Movie | ||
| 700 | _4E.H.SHEPARD | ||
| 942 |
_cCH _2ddc _hS _mMIL |
||